|
|
|
|
| LEADER |
00000nab a2200000 a 4500 |
| 001 |
vtls011119140 |
| 003 |
SK-MaSNL |
| 005 |
20260303133000.0 |
| 008 |
230218|2007 xo |||||||||||||||||eng| |
| 015 |
|
|
|a SNBRB
|
| 035 |
|
|
|a (uuid)47ec5af5-a58b-4287-bb74-d3dbfce9960d
|
| 035 |
|
|
|a (urnnbn)urn:nbn:sk:snk:ar-a08o6t
|
| 035 |
|
|
|a urn:nbn:sk:snk-ab9pts
|
| 040 |
|
|
|a SNKBUCL
|b slo
|c SNKBUCL
|e AACR2
|
| 041 |
0 |
|
|a eng
|
| 044 |
|
|
|a xo
|c SK
|
| 100 |
1 |
|
|a Rástocký, Štefan
|4 aut
|9 314728
|
| 245 |
1 |
0 |
|a FIRE RESISTANCE OF PROTECTED STEEL STRUCTURES
|c Štefan Rástocký
|
| 773 |
0 |
|
|t Delta : vedecko-odborný časopis Katedry protipožiarnej ochrany
|g Roč. 1, č. 1 (2007), s. 3-8
|
| 958 |
|
|
|a OND
|
| 958 |
|
|
|a EUIPO
|
| 958 |
|
|
|a article13
|
| 999 |
|
|
|c 1954635
|d 1956565
|